| 000 | 00443nam a2200145 a 4500 | ||
|---|---|---|---|
| 005 | 20140414132104.0 | ||
| 008 | 100823s19uu xx 00 eng d | ||
| 050 |
_aTR 428.2 _bAr2 2005 |
||
| 100 | _aArcellana, Lydia | ||
| 245 |
_aBe your own english teacher! : _bOral communication. |
||
| 260 |
_aManila, Philippines : _bMiflores Publishing, _c2004. |
||
| 440 | _aThe Miflores English Series | ||
| 650 | _aOral communication | ||
| 999 |
_c114544 _d114544 |
||